00861nam a22002417a 450000500170000001000150001702000270003203500130005903700130007208200120008524501110009726000380020827000420024630000300028850000500031850500160036870000230038470000210040770000210042894200260044999900170047595201270049220140425121437.0 aENG-109506 c1195.00a9788125050179 aEN-93039 bDBAD/PUB a954.03500aSelected works of C. Rajagopalachari /cedited by Mahesh Rangarajan, N. Blakrishnan [and] Deepa Bhatnagar aNew DelhibOrient Blakswan c2014 a1/24 Asaf Ali RoadbNew Delhie110002 aV.1(xxvi,432p.)c25cm(Hb) aIncludes bibliographical references and index aV.1-1907-21 aRangarajan, Mahesh aBalakrishnan, N. aBhatnagar, Deepa 2ddccENmSELh954.035 c82838d82838 001040718NFICaDBADbDBADd2014-03-03eDBAD/PUBg1195.00l0o954.035 SELpEN-93039r2014-03-03 00:00:00t1v1195.00yEN